Bridging the gap: secondments between government and business (Record no. 476759)

000 -LEADER
fixed length control field 00446cam a22001337a 4500
008 - FIXED-LENGTH DATA ELEMENTS--GENERAL INFORMATION
fixed length control field 180718b1990 xxu||||| |||| 00| 0 eng d
082 ## - DEWEY DECIMAL CLASSIFICATION NUMBER
Classification number U G693
100 ## - MAIN ENTRY--PERSONAL NAME
Personal name Gosling, Rosemary
245 ## - TITLE STATEMENT
Title Bridging the gap: secondments between government and business
Statement of responsibility, etc. by Rosemary Gosling and Sandra Nutley
260 ## - PUBLICATION, DISTRIBUTION, ETC.
Place of publication, distribution, etc. London
Name of publisher, distributor, etc. Royal Institute of Public Adminsitration
Date of publication, distribution, etc. 1990
300 ## - PHYSICAL DESCRIPTION
Extent 92p.
650 ## - SUBJECT ADDED ENTRY--TOPICAL TERM
Topical term or geographic name entry element Government and Business
700 ## - ADDED ENTRY--PERSONAL NAME
Personal name Nutley, Sandra
Holdings
Withdrawn status Lost status Damaged status Not for loan Permanent Location Current Location Date acquired Full call number Barcode Date last seen Price effective from Koha item type
        Indian Institute of Public Administration Indian Institute of Public Administration 2018-08-04 U G693 GR12629 2018-08-04 2018-08-04 GR

Powered by Koha